000 01206cam a2200133 4500500
005 20260405005452.0
041 _afre
042 _adc
100 1 0 _aBordet, Marcel
_eauthor
245 0 0 _aPrécis d'histoire romaine
260 _bArmand Colin,
_c2021.
520 _aCet ouvrage propose une initiation au monde romain, de la fondation de l’Urbs à la disparition de l’Empire en Occident en 476.L’auteur dégage les lignes essentielles du récit des événements, bannissant l’anecdotique au pro t de développements clairs qui veulent, non pas accumuler des informations, mais expliquer les faits et parfois discuter certaines interprétations. L’accent est mis sur l’évolution des institutions qui, nées dans la Cité, surent s’adapter au gouvernement du monde, et sur leur contexte économique, social et culturel.La netteté du style délivré des expressions trop techniques, la concision, les annexes (chronologie, tableaux généalogiques, orientation bibliographique) font de cet ouvrage une introduction indispensable aux études de l’Antiquité romaine.
856 4 1 _uhttps://shs.cairn.info/precis-d-histoire-romaine--9782200630669?lang=fr&redirect-ssocas=7080
999 _c2083994
_d2083994